000 00731nam a2200253 a 4500
001 000025702
003 DO-SdBNP
005 20240302073950.0
007 ta
008 100330s1984 dr ac 001 0 spa d
040 _aDO-SdBNP
_bspa
_cBNPHU
_erda
082 4 _bA674h
_222
100 1 _aCassá, Roberto,
_d1948-
_eautor
_910888
245 1 0 _a Historia de la marina de guerra dominicana /
_cNelson Antonio Arciniegas V.
264 _aSanto Domingo :
_bNivar,
_c1994.
300 _a255 páginas ;
_c18 cm.
336 _2rdacontent
_atexto
_btxt
337 _2rdamedia
_asin mediación
_bn
338 _2rdacarrier
_avolumen
_bnc
490 _aAhifa
590 _aInventariado, 2023/BT
910 _aBtavárez
942 _2ddc
_cLBS1
999 _c25194
_d25194